| 000 | 00802nam a22002295a 4500 | ||
|---|---|---|---|
| 003 | OSt | ||
| 005 | 20170227150054.0 | ||
| 008 | 160828s2008 ua frb 000 0 ara d | ||
| 015 | _a2008 / 16406 | ||
| 020 | _a9789770457676 | ||
| 040 |
_aEG-ScBUE _bara _cEG-ScBUE |
||
| 082 | 0 | 4 |
_a341.73 _bي و س _222 |
| 100 | 1 | _aيوسف، محمد صافي. | |
| 245 | 1 | 2 |
_aالنظام القانوني لعمليات حفظ السلام الدولية / _cمحمد صافي يوسف. |
| 260 |
_aالقاهرة : _bدار النهضة العربية، _c2008. |
||
| 300 |
_a442 ص. ؛ _c24 سم. |
||
| 504 | _aيشتمل على إرجاعات ببليوجرافية. | ||
| 650 | 7 |
_aالسلام العالمي (قانون دولي) _2BUEsh |
|
| 651 | _2BUEsh | ||
| 653 |
_bLLAAWW _cFebruary2017 |
||
| 942 | _2ddc | ||
| 999 |
_c24256 _d24228 |
||